Les 25 personnages de Bleach les plus populaires - Statistiques

Statistiques générales
  • Ce quiz a été pris 234 fois
  • Le résultat moyen est 19 sur 25
Statistiques - réponses
Hint Réponse Place % Correct
Hybride Ichigo Kurosaki 2
99%
Shinigami Rukia Kuchiki 1
95%
Shinigami Sosuke Aizen 5
95%
Quincy Uryu Ishida 15
92%
Humain Orihime Inoue 6
91%
Humain Yasutora Sado 11
88%
Shinigami Byakuya Kuchiki 9
86%
Shinigami Zaraki Kenpachi 4
86%
Arrancar Grimmjow Jaggerjack 7
85%
Shinigami Renji Abarai 14
85%
Arrancar Ulquiorra Cifer 13
85%
Shinigami Toshiro Hitsugaya 8
82%
Shinigami Urahara Kisuke 3
82%
Ame artificielle Kon 19
79%
Shinigami Gin Ichimaru 16
77%
Zanpakuto Zangetsu 17
76%
Shinigami Yoruichi Shihoin 10
75%
Shinigami Shunsui Kyoraku 12
72%
Shinigami Mayuri Kurotsuchi 18
69%
Quincy Yhwach 22
65%
Shinigami Retsu Unohana 20
64%
Shinigami Soi Fon 21
63%
Quincy Jugram Haschwalth 24
53%
Quincy Bazz-B 23
48%
Shinigami Isshin Kurosaki 25
42%
Aucun quiz correspondant
Distribution des résultats
% des personnes avec chaque résultat
Percentile par nombre de réponses
Votre historique - résultats
Vous n’avez pas pris ce quiz